000 00214pam a2200109 a 4500
020 _c
041 _h
100 _aB, C, Choudhari
245 _aTurtle in India
260 _bW.W. F. India
_c1993
930 _a1538
999 _c247391
_d247391